General Knowledge 1 - Statistics

General Stats
  • This quiz has been taken 54 times
    32 since last reset
  • The average score is 8 of 10
Answer Stats
No. Question Answer % Correct
8 Who is the founder of Microsoft? Bill Gates
100%
2 Who was the first president of the United States? George Washington
100%
7 Who is known as the "King of Pop"? Michael Jackson
100%
3 What is the chemical symbol for water? H2O
97%
4 Who wrote "Romeo and Juliet"? William Shakespeare
97%
9 What is the main ingredient in guacamole? Avocado
83%
1 What is the capital city of Australia? Canberra
83%
6 What sport is known as "the beautiful game"? Football
67%
10 What is the most-followed account on Instagram as of 2024? Cristiano Ronaldo
47%
5 Which movie won the Oscar for Best Picture in 2023? Everything Everywhere All at Once
27%
No matching quizzes found
Score Distribution
Percent of People with Each Score
Percentile by Number Answered
Your Score History
You have not taken this quiz since the last reset